Представление документа в формате MARC21

Поле Инд. ПП Название Значение
Тип записи a
Библиографический уровень m
001 Контрольный номер 8560152c-4a89-481e-a212-884ca37c6925
005 Дата корректировки 20140226155343.2
008 Кодируемые данные 010125 d
020 a ISBN 5-282-00953-6 (в пер.)
c Цена, тираж 4.50
040 a Служба первич. каталог. RU-RKP
040 a Служба первич. каталог. НБ ТвГУ
041 a Код языка текста rus
080 a Индекс УДК 64.021
084 a Индекс другой классификации/Индекс ББК М79
090 x Авторский знак Т936
a Полочн. индекс М79
245 00 a Заглавие 1000 советов по экономии в быту
c Ответственность В. И. Федоров, Е. М. Каневский, И. И. Колгина и др.; [Ред. В. М. Ковалев, Е. В. Полиевктова]
260 0_ a Место издания Москва
b Издательство Экономика
c Дата издания 1989
300 a Объем 264,[8] с.
b Иллюстрации/ тип воспроизводства ил.
c Размеры 22 см
500 a Примечание Предм. указ.: с. 265-269.
650 a Основная рубрика Домоводство
653 a Ключевые слова Домоводство
700 1_ a Другие авторы Федоров Владимир Иванович
e Роль лиц авт.
700 1_ a Другие авторы Каневский Е. М.
e Роль лиц авт.
700 1_ a Другие авторы Колгина И. И.
e Роль лиц авт.
700 1_ a Другие авторы Ковалев Вячеслав Михайлович
e Роль лиц ред.
700 1_ a Другие авторы Полиевктова Е. В.
e Роль лиц ред.
852 t Порядковый номер экземпляра 2
p Инвентарный номер 599661
p Инвентарный номер 599662
852 t Порядковый номер экземпляра 1
p Инвентарный номер 599663
852 t Порядковый номер экземпляра 1
p Инвентарный номер 599665
954 a Дата поступления на обработку 20020514
999 a Подразделение 2 аб.
a Подразделение 2 Фил1
a Подразделение 2 ч.з.